[Event "DVM U20w 2016"]
[Site "Borken-Gemen GER"]
[Date "2016.12.29"]
[Round "5"]
[White "Reich, Kristina"]
[Black "Moses, Selina"]
[Result "0-1"]
[Termination "normal"]
[Board "2.2"]
[WhiteElo "1618"]
[BlackElo "1872"]
[WhiteClock "00:01:20"]
[BlackClock "00:16:22"]
[WhiteTeam "Hamburger SK"]
[BlackTeam "Muldental Wilkau-Haßlau"]
[PlyCount "74"]
[WhiteFideId "12964719"]
[BlackFideId "12908070"]
[EventCountry "GER"]
[EventRounds "7"]
[EventType "team-swiss"]
[EventDate "2016.12.26"]

1. e4 {[%clk 1:30:57]} c5 {[%clk 1:30:55]} 2. Nf3 {[%clk 1:31:20]} d6 {[%clk
1:31:19]} 3. Bb5+ {[%clk 1:31:45]} Nd7 {[%clk 1:30:01]} 4. O-O {[%clk 1:31:34]}
a6 {[%clk 1:29:16]} 5. Bd3 {[%clk 1:31:13]} Ngf6 {[%clk 1:27:07]} 6. c3 {[%clk
1:27:02]} b5 {[%clk 1:15:04]} 7. b3 {[%clk 1:16:26]} Bb7 {[%clk 1:00:46]} 8.
Re1 {[%clk 1:12:07]} Qc7 {[%clk 0:59:01]} 9. Na3 {[%clk 1:02:54]} e6 {[%clk
0:54:47]} 10. Bc2 {[%clk 0:57:53]} c4 {[%clk 0:48:36]} 11. Bb2 {[%clk 0:52:13]}
Be7 {[%clk 0:46:05]} 12. d3 {[%clk 0:46:08]} cxd3 {[%clk 0:45:01]} 13. Bxd3
{[%clk 0:45:07]} O-O {[%clk 0:39:01]} 14. b4 {[%clk 0:41:06]} Nb6 {[%clk
0:34:41]} 15. Rc1 {[%clk 0:35:00]} Nc4 {[%clk 0:32:02]} 16. Nxc4 {[%clk
0:34:17]} bxc4 {[%clk 0:32:28]} 17. Bb1 {[%clk 0:33:37]} Nd7 {[%clk 0:29:41]}
18. Rc2 {[%clk 0:30:52]} Bf6 {[%clk 0:29:13]} 19. Rd2 {[%clk 0:27:45]} d5
{[%clk 0:25:08]} 20. exd5 {[%clk 0:26:57]} Bxd5 {[%clk 0:25:24]} 21. Be4 {[%clk
0:24:47]} Nb6 {[%clk 0:24:29]} 22. Bxd5 {[%clk 0:21:21]} Nxd5 {[%clk 0:24:54]}
23. Qc2 {[%clk 0:20:52]} a5 {[%clk 0:20:48]} 24. a3 {[%clk 0:18:11]} axb4
{[%clk 0:20:42]} 25. axb4 {[%clk 0:16:41]} Ra2 {[%clk 0:19:54]} 26. Ra1 {[%clk
0:14:24]} Rxb2 {[%clk 0:20:03]} 27. Qxb2 {[%clk 0:14:03]} Bxc3 {[%clk 0:20:28]}
28. Qc1 {[%clk 0:11:48]} Bxa1 {[%clk 0:20:19]} 29. Qxa1 {[%clk 0:11:44]} Nxb4
{[%clk 0:20:39]} 30. Qc3 {[%clk 0:09:16]} Nd5 {[%clk 0:19:56]} 31. Qc2 {[%clk
0:08:54]} c3 {[%clk 0:17:59]} 32. Ng5 {[%clk 0:07:00]} g6 {[%clk 0:18:01]} 33.
Rd3 {[%clk 0:05:58]} Rb8 {[%clk 0:16:10]} 34. g3 {[%clk 0:03:12]} Rb2 {[%clk
0:16:11]} 35. Qc1 {[%clk 0:01:57]} c2 {[%clk 0:15:32]} 36. Qxb2 {[%clk
0:01:02]} c1=Q+ {[%clk 0:15:55]} 37. Qxc1 {[%clk 0:01:20]} Qxc1+ {[%clk
0:16:22]} 0-1

[Event "DVM U20w 2016"]
[Site "Borken-Gemen GER"]
[Date "2016.12.29"]
[Round "5"]
[White "Fromm, Katja"]
[Black "Leinemann, Vivien S."]
[Result "1/2-1/2"]
[Termination "normal"]
[Board "2.3"]
[WhiteElo "1728"]
[BlackElo "1627"]
[WhiteClock "00:12:40"]
[BlackClock "00:23:13"]
[WhiteTeam "Muldental Wilkau-Haßlau"]
[BlackTeam "Hamburger SK"]
[PlyCount "109"]
[WhiteFideId "12929409"]
[BlackFideId "16208536"]
[EventCountry "GER"]
[EventRounds "7"]
[EventType "team-swiss"]
[EventDate "2016.12.26"]

1. d4 {[%clk 1:30:58]} Nf6 {[%clk 1:30:49]} 2. c4 {[%clk 1:31:17]} e6 {[%clk
1:30:59]} 3. Nf3 {[%clk 1:31:27]} b6 {[%clk 1:30:29]} 4. Nc3 {[%clk 1:31:41]}
Bb4 {[%clk 1:30:07]} 5. Bg5 {[%clk 1:31:10]} h6 {[%clk 1:28:39]} 6. Bxf6 {[%clk
1:28:29]} Qxf6 {[%clk 1:27:06]} 7. e4 {[%clk 1:28:27]} Bb7 {[%clk 1:24:35]} 8.
Bd3 {[%clk 1:21:10]} c5 {[%clk 1:21:31]} 9. O-O {[%clk 1:16:36]} Bxc3 {[%clk
1:19:38]} 10. bxc3 {[%clk 1:17:01]} O-O {[%clk 1:16:15]} 11. Qb3 {[%clk
0:43:51]} d6 {[%clk 1:08:26]} 12. Rad1 {[%clk 0:37:20]} Nc6 {[%clk 0:55:39]}
13. Qb2 {[%clk 0:33:08]} e5 {[%clk 0:47:17]} 14. d5 {[%clk 0:31:49]} Na5 {[%clk
0:44:48]} 15. Qe2 {[%clk 0:31:17]} Ba6 {[%clk 0:43:32]} 16. Nd2 {[%clk
0:31:02]} Qe7 {[%clk 0:41:07]} 17. Nb3 {[%clk 0:29:29]} Nxb3 {[%clk 0:39:24]}
18. axb3 {[%clk 0:29:53]} Bc8 {[%clk 0:38:48]} 19. Ra1 {[%clk 0:29:06]} Qb7
{[%clk 0:38:07]} 20. f4 {[%clk 0:19:54]} f6 {[%clk 0:35:57]} 21. f5 {[%clk
0:15:31]} Bd7 {[%clk 0:34:37]} 22. Qe3 {[%clk 0:13:08]} Be8 {[%clk 0:33:09]}
23. Rf3 {[%clk 0:12:58]} Qf7 {[%clk 0:32:35]} 24. Rg3 {[%clk 0:12:37]} Kh7
{[%clk 0:31:00]} 25. Be2 {[%clk 0:12:01]} Qe7 26. Rh3 {[%clk 0:10:01]} Rg8
{[%clk 0:27:13]} 27. b4 {[%clk 0:08:17]} Qb7 {[%clk 0:24:47]} 28. g4 {[%clk
0:06:12]} g5 {[%clk 0:21:38]} 29. Qf2 {[%clk 0:04:02]} Rc8 {[%clk 0:19:37]} 30.
b5 {[%clk 0:03:14]} Kg7 {[%clk 0:13:30]} 31. Kg2 {[%clk 0:03:07]} Rh8 {[%clk
0:13:19]} 32. Bd1 {[%clk 0:03:01]} Bf7 {[%clk 0:12:32]} 33. Re3 {[%clk
0:02:46]} Rcd8 {[%clk 0:11:54]} 34. h3 {[%clk 0:01:49]} Rc8 {[%clk 0:11:58]}
35. Re1 {[%clk 0:02:00]} Rcd8 {[%clk 0:12:09]} 36. Rh1 {[%clk 0:02:16]} Rc8
{[%clk 0:11:57]} 37. Bf3 {[%clk 0:02:09]} Rcd8 {[%clk 0:10:58]} 38. Ra3 {[%clk
0:02:11]} Rc8 {[%clk 0:10:37]} 39. Kf1 {[%clk 0:01:39]} Rcd8 {[%clk 0:10:18]}
40. Ra2 {[%clk 0:01:46]} Rc8 {[%clk 0:10:13]} 41. Qc2 {[%clk 0:01:24]} Rcd8
{[%clk 0:10:01]} 42. Qa4 {[%clk 0:01:08]} Rd7 {[%clk 0:08:42]} 43. Kg2 {[%clk
0:00:58]} Rc7 {[%clk 0:08:30]} 44. Rha1 {[%clk 0:00:58]} Ra8 {[%clk 0:08:25]}
45. Qa6 {[%clk 0:00:51]} Rd7 {[%clk 0:01:52]} 46. Qa4 {[%clk 0:00:40]} Rc7
{[%clk 0:01:43]} 47. Ra3 {[%clk 0:00:59]} Rd7 {[%clk 0:01:16]} 48. Rh1 {[%clk
0:30:30]} Rh8 {[%clk 0:30:29]} 49. Ra2 {[%clk 0:29:00]} Rc7 {[%clk 0:29:59]}
50. Kg3 {[%clk 0:28:49]} Rd7 {[%clk 0:30:08]} 51. Qa3 {[%clk 0:27:05]} Rc7
{[%clk 0:29:55]} 52. Raa1 {[%clk 0:23:49]} Rd7 {[%clk 0:29:25]} 53. Qa2 {[%clk
0:24:01]} Rc7 {[%clk 0:29:15]} 54. h4 {[%clk 0:23:06]} Qb8 {[%clk 0:23:13]} 55.
Rh3 {[%clk 0:12:40]} 1/2-1/2

[Event "DVM U20w 2016"]
[Site "Borken-Gemen GER"]
[Date "2016.12.29"]
[Round "5"]
[White "Reiter, Nicole"]
[Black "Von Jan, Lena"]
[Result "0-1"]
[Termination "normal"]
[Board "2.4"]
[WhiteElo "1296"]
[BlackElo "1516"]
[WhiteClock "00:07:05"]
[BlackClock "00:02:54"]
[WhiteTeam "Hamburger SK"]
[BlackTeam "Muldental Wilkau-Haßlau"]
[PlyCount "76"]
[WhiteFideId "16212126"]
[BlackFideId "12946060"]
[EventCountry "GER"]
[EventRounds "7"]
[EventType "team-swiss"]
[EventDate "2016.12.26"]

1. e4 {[%clk 1:30:58]} e5 {[%clk 1:30:55]} 2. Nf3 {[%clk 1:31:21]} Nc6 {[%clk
1:31:17]} 3. Bc4 {[%clk 1:31:45]} Bc5 {[%clk 1:31:36]} 4. c3 {[%clk 1:32:07]}
d6 {[%clk 1:31:06]} 5. h3 {[%clk 1:32:24]} Nf6 {[%clk 1:30:26]} 6. d3 {[%clk
1:32:43]} h6 {[%clk 1:28:14]} 7. Bb3 {[%clk 1:32:07]} Bb6 {[%clk 1:22:56]} 8.
O-O {[%clk 1:30:19]} O-O {[%clk 1:19:47]} 9. Re1 {[%clk 1:29:33]} Re8 {[%clk
1:15:43]} 10. Nbd2 {[%clk 1:27:01]} Ne7 {[%clk 1:12:50]} 11. Nf1 {[%clk
1:25:33]} Ng6 {[%clk 1:11:55]} 12. Ng3 {[%clk 1:25:24]} c6 {[%clk 1:03:18]} 13.
d4 {[%clk 1:21:34]} Be6 {[%clk 0:50:30]} 14. Bc2 {[%clk 1:17:15]} Rc8 {[%clk
0:41:39]} 15. Nh2 {[%clk 1:09:02]} Qd7 {[%clk 0:32:28]} 16. Nf5 {[%clk
1:01:13]} exd4 {[%clk 0:24:33]} 17. cxd4 {[%clk 1:00:29]} Bxf5 {[%clk 0:23:35]}
18. exf5 {[%clk 0:59:58]} Rxe1+ {[%clk 0:23:35]} 19. Qxe1 {[%clk 1:00:19]} Ne7
{[%clk 0:22:54]} 20. Ng4 {[%clk 0:49:47]} Nxg4 {[%clk 0:20:35]} 21. hxg4 {[%clk
0:50:09]} Bxd4 {[%clk 0:19:50]} 22. Qe4 {[%clk 0:43:22]} Bf6 {[%clk 0:16:33]}
23. Rb1 {[%clk 0:24:44]} Re8 {[%clk 0:14:32]} 24. b3 {[%clk 0:22:01]} Nd5
{[%clk 0:12:34]} 25. Qd3 {[%clk 0:22:09]} Re1+ {[%clk 0:11:36]} 26. Kh2 {[%clk
0:20:58]} Nb4 {[%clk 0:10:06]} 27. Qd2 {[%clk 0:20:17]} Nxc2 {[%clk 0:09:43]}
28. Qxc2 {[%clk 0:20:35]} Qe7 {[%clk 0:08:50]} 29. Be3 {[%clk 0:18:00]} Be5+
{[%clk 0:07:27]} 30. Kh3 {[%clk 0:17:20]} Rxb1 {[%clk 0:07:02]} 31. Qxb1 {[%clk
0:17:43]} a6 {[%clk 0:06:51]} 32. Qe1 {[%clk 0:12:09]} Bf6 {[%clk 0:05:49]} 33.
Qd2 {[%clk 0:10:08]} d5 {[%clk 0:05:31]} 34. f4 {[%clk 0:09:32]} Qd7 {[%clk
0:05:17]} 35. g5 {[%clk 0:07:36]} hxg5 {[%clk 0:05:19]} 36. fxg5 {[%clk
0:07:54]} Qxf5+ {[%clk 0:05:13]} 37. Kh2 {[%clk 0:06:50]} Be5+ {[%clk 0:05:08]}
38. Kg1 {[%clk 0:07:05]} Qe6 {[%clk 0:02:54]} 0-1

[Event "DVM U20w 2016"]
[Site "Borken-Gemen GER"]
[Date "2016.12.29"]
[Round "5"]
[White "Poetsch, Leonore"]
[Black "Peglau, Mirjam"]
[Result "1-0"]
[Termination "normal"]
[Board "3.1"]
[WhiteElo "1946"]
[BlackElo "1600"]
[WhiteTeam "SK Langen"]
[BlackTeam "SV Bannewitz"]
[PlyCount "59"]
[WhiteFideId "12940372"]
[BlackFideId "16211138"]
[EventCountry "GER"]
[EventRounds "7"]
[EventType "team-swiss"]
[EventDate "2016.12.26"]

1.e4 c5 2.Nf3 d6 3.d4 cxd4 4.Nxd4 Nf6 5.Nc3 g6 6.Be3 Bg7 7.Be2 O-O 8.Qd2 Nc6
9.f3 Bd7 10.O-O-O Qa5 11.g4 Rfc8 12.Nb3 Qd8 13.h4 h5 14.gxh5 Nxh5 15. Rdg1 Nb4
16.Kb1 Be6 17.f4 Bxb3 18.cxb3 Nf6 19.a3 Na6 20.h5 Nc5 21.Bxc5 Rxc5 22.hxg6 Rac8
23.gxf7+ Kxf7 24.Bc4+ d5 25.exd5 b5 26.Nxb5 Nxd5 27.Rh7 Rxb5 28.Rhxg7+ Kf6
29.R1g6+ Kf5 30.Bd3# 1-0

[Event "DVM U20w 2016"]
[Site "Borken-Gemen GER"]
[Date "2016.12.29"]
[Round "5"]
[White "Peglau, Sarah"]
[Black "Flach, Helene"]
[Result "0-1"]
[Termination "normal"]
[Board "3.2"]
[WhiteElo "1332"]
[BlackElo "1815"]
[WhiteTeam "SV Bannewitz"]
[BlackTeam "SK Langen"]
[PlyCount "118"]
[WhiteFideId "16219961"]
[BlackFideId "12929735"]
[EventCountry "GER"]
[EventRounds "7"]
[EventType "team-swiss"]
[EventDate "2016.12.26"]

1.e4 c5 2.Nf3 e6 3.d4 cxd4 4.Nxd4 a6 5.c4 Nf6 6.Nc3 Qc7 7.Be3 b6 8.Be2 Bb7
9.Qc2 d6 10.O-O Nbd7 11.Rad1 Be7 12.b3 Nc5 13.f3 O-O 14.Rd2 Rac8 15.Rfd1 Qb8
16.Rc1 Bd8 17.Qd1 Bc7 18.g3 Rfe8 19.Bf1 Qa8 20.Bh3 Ncd7 21.Qf1 Rcd8 22.Nd1 Qb8
23.Nf2 h6 24.Nd3 Rc8 25.Rcd1 d5 26.Rf2 dxc4 27.bxc4 Bd6 28.Rc2 Nc5 29.Bg4 Nxg4
30.fxg4 Bxe4 31.Rf2 Bxd3 32.Rxd3 Nxd3 33.Qxd3 Qc7 34.g5 hxg5 35.Bxg5 Qxc4
36.Qf3 Rf8 37.Qg4 Be5 38.Rd2 f5 39.Qh4 f4 40.Nf3 Qc5+ 41.Kg2 Bf6 42.gxf4 Qe3
43.Rd7 Rc2+ 44.Kg3 Bxg5 45.Qxg5 Qf2+ 46.Kg4 Qg2+ 47.Kh4 Qxg5+ 48.Nxg5 Rxh2+
49.Kg3 Rh6 50.Rd6 e5 51.Rd7 exf4+ 52.Kf3 Rc6 53.Rd2 Rc3+ 54.Kf2 Rc6 55.Kf3 Rg6
56.Kg4 Rgf6 57.Rh2 Re8 58.Rf2 Re3 59.Nh3 Rg3+ 0-1

[Event "DVM U20w 2016"]
[Site "Borken-Gemen GER"]
[Date "2016.12.29"]
[Round "5"]
[White "Silber, Stefanie"]
[Black "Peglau, Charis"]
[Result "1-0"]
[Termination "normal"]
[Board "3.3"]
[WhiteElo "1708"]
[BlackElo "1214"]
[WhiteTeam "SK Langen"]
[BlackTeam "SV Bannewitz"]
[PlyCount "67"]
[WhiteFideId "12918245"]
[BlackFideId "16219996"]
[EventCountry "GER"]
[EventRounds "7"]
[EventType "team-swiss"]
[EventDate "2016.12.26"]

1.e4 c5 2.Nf3 d6 3.d4 cxd4 4.Nxd4 Nf6 5.Nc3 g6 6.f3 Bg7 7.Be3 O-O 8.Qd2 Nc6
9.Be2 Bd7 10.O-O-O Qa5 11.Nb3 Qc7 12.g4 a6 13.g5 Nh5 14.Nd5 Qd8 15.Bb6 Qc8
16.Na5 Kh8 17.Nc4 Be6 18.Be3 Rb8 19.Ncb6 Qd8 20.f4 Bxd5 21.Nxd5 b5 22. f5 a5
23.Bxh5 gxh5 24.Qe2 Ne5 25.Qxh5 Rc8 26.Rhg1 Kg8 27.f6 exf6 28.gxf6 Ng6 29.Ne7+
Kh8 30.fxg7+ Kxg7 31.Bd4+ f6 32.Rxg6+ Kf7 33.Rxf6+ Kg7 34.Qh6+ 1-0

[Event "DVM U20w 2016"]
[Site "Borken-Gemen GER"]
[Date "2016.12.29"]
[Round "5"]
[White "Wiesner, Paula"]
[Black "Wolff, Marie Antoinette"]
[Result "1-0"]
[Termination "normal"]
[Board "4.1"]
[WhiteElo "2034"]
[BlackElo "1771"]
[WhiteTeam "Karlsruher SF"]
[BlackTeam "Leegebrucher SF"]
[PlyCount "89"]
[WhiteFideId "24654019"]
[BlackFideId "12908258"]
[EventCountry "GER"]
[EventRounds "7"]
[EventType "team-swiss"]
[EventDate "2016.12.26"]

1.d4 Nf6 2.c4 c6 3.Nc3 d5 4.Nf3 e6 5.e3 Nbd7 6.Bd3 b6 7.O-O Bd6 8.Qe2 O-O 9.Rd1
Qc7 10.e4 dxe4 11.Nxe4 Nxe4 12.Bxe4 Nf6 13.Bd3 Bb7 14.Bg5 Be7 15.c5 Rad8
16.Rac1 Rd5 17.b4 Bc8 18.a3 Nh5 19.Bxe7 Qxe7 20.Be4 Rdd8 21.Ne5 Qg5 22.Nxc6 Rd7
23.Qe3 Qf6 24.Ne5 Rdd8 25.c6 Nf4 26.c7 Rd6 27.Qf3 Qg5 28.Nc6 a5 29.bxa5 bxa5
30.Rc5 Nd5 31.Bxd5 exd5 32.Rxd5 Rxd5 33.Qxd5 Qg4 34.Re1 Be6 35.Qd6 g6 36.d5 Bc8
37.Qf6 h5 38.d6 Qd7 39.Ne7+ Kh7 40.Nxg6 Re8 41.Ne7 Qf5 42.Qxf5+ Bxf5 43.Re5 Bd7
44.Rc5 Bc8 45.h3 1-0

[Event "DVM U20w 2016"]
[Site "Borken-Gemen GER"]
[Date "2016.12.29"]
[Round "5"]
[White "Sauer, Annika"]
[Black "Hund, Sarah"]
[Result "1/2-1/2"]
[Termination "normal"]
[Board "4.2"]
[WhiteElo "1572"]
[BlackElo "1940"]
[WhiteTeam "Leegebrucher SF"]
[BlackTeam "Karlsruher SF"]
[PlyCount "85"]
[WhiteFideId "12952052"]
[BlackFideId "12923338"]
[EventCountry "GER"]
[EventRounds "7"]
[EventType "team-swiss"]
[EventDate "2016.12.26"]

1.b3 b6 2.Bb2 Bb7 3.e3 e6 4.Nf3 Nf6 5.Be2 Nc6 6.O-O d5 7.d4 Bd6 8.Nbd2 O-O
9.Ne5 Ne7 10.Ndf3 Ne4 11.Rc1 Nf5 12.c4 Qe7 13.Qc2 c5 14.dxc5 Nxc5 15.Rfe1 Ne4
16.cxd5 exd5 17.Nc6 Qe6 18.Ncd4 Nxd4 19.Bxd4 Qh6 20.Qb2 f6 21.g3 Rac8 22.Rxc8
Rxc8 23.Rc1 Qh3 24.Bf1 Qf5 25.Rxc8+ Qxc8 26.Nd2 Ng5 27.Bg2 Nh3+ 28.Bxh3 Qxh3
29.Qc2 Qd7 30.Kg2 Bb4 31.f3 Bc8 32.Nf1 Ba6 33.g4 Qb5 34.Ng3 Bd6 35.Qf5 Qc6
36.Qe6+ Kf8 37.Qf5 Kf7 38.Qxh7 Qc1 39.Qh5+ Kf8 40.Qh8+ Kf7 41.Qh5+ Kf8 42.Qh8+
Kf7 43.Qh5+ 1/2-1/2

[Event "DVM U20w 2016"]
[Site "Borken-Gemen GER"]
[Date "2016.12.29"]
[Round "5"]
[White "Mangei, Jasmin"]
[Black "Pietsch, Virginia-Atlanta"]
[Result "1-0"]
[Termination "normal"]
[Board "4.3"]
[WhiteElo "1911"]
[BlackElo "904"]
[WhiteTeam "Karlsruher SF"]
[BlackTeam "Leegebrucher SF"]
[PlyCount "47"]
[WhiteFideId "12951803"]
[BlackFideId "16235053"]
[EventCountry "GER"]
[EventRounds "7"]
[EventType "team-swiss"]
[EventDate "2016.12.26"]

1.e4 c6 2.Nf3 d5 3.exd5 cxd5 4.Ne5 Bf5 5.d4 Nc6 6.Bb5 Rc8 7.c3 e6 8.Qa4 Qb6
9.O-O a6 10.Be2 Bd6 11.Nd2 Nf6 12.Ndf3 O-O 13.Qd1 Ne4 14.Nd7 Qc7 15. Nxf8 Rxf8
16.Be3 b5 17.Rc1 Qb6 18.Nh4 b4 19.c4 Qc7 20.Nxf5 exf5 21.cxd5 Qb7 22.dxc6 Bxh2+
23.Kh1 f4 24.c7 1-0

[Event "DVM U20w 2016"]
[Site "Borken-Gemen GER"]
[Date "2016.12.29"]
[Round "5"]
[White "Mylke, Sandy-Michelle"]
[Black "Henke, Hanna"]
[Result "0-1"]
[Termination "normal"]
[Board "4.4"]
[WhiteElo "1061"]
[BlackElo "1268"]
[WhiteTeam "Leegebrucher SF"]
[BlackTeam "Karlsruher SF"]
[PlyCount "68"]
[WhiteFideId "16235045"]
[BlackFideId "12964441"]
[EventCountry "GER"]
[EventRounds "7"]
[EventType "team-swiss"]
[EventDate "2016.12.26"]

1.e4 e5 2.Nf3 Nc6 3.Bb5 Nf6 4.d3 d6 5.O-O Bg4 6.Nbd2 h5 7.h3 Be6 8.Re1 Rg8
9.Nf1 Nh7 10.Ng3 g5 11.Nxh5 g4 12.hxg4 Bxg4 13.Ng3 Ng5 14.Bxg5 Rxg5 15.c3 Bh6
16.Nf5 Rg6 17.b4 Bh3 18.N3h4 Qg5 19.a4 Bxg2 20.Ng3 Qxh4 21.Kxg2 Bf4 22.Qf3
O-O-O 23.Rh1 Qf6 24.Rh3 Ne7 25.Kf1 Rdg8 26.Ke1 Qg7 27.Nh5 Qf8 28. Nxf4 exf4
29.Qxf4 Rg1+ 30.Ke2 Rxa1 31.Qe3 Ra2+ 32.Kf3 Qg7 33.Qxa7 Qf6+ 34. Ke3 Qxf2# 0-1

[Event "DVM U20w 2016"]
[Site "Borken-Gemen GER"]
[Date "2016.12.30"]
[Round "7"]
[White "Rosmait, Emily"]
[Black "Hund, Sarah"]
[Result "1/2-1/2"]
[Termination "normal"]
[Board "1.2"]
[WhiteElo "1880"]
[BlackElo "1940"]
[WhiteClock "00:22:11"]
[BlackClock "00:22:42"]
[WhiteTeam "TuRa Harksheide Norderstedt"]
[BlackTeam "Karlsruher SF"]
[PlyCount "85"]
[WhiteFideId "12937754"]
[BlackFideId "12923338"]
[EventCountry "GER"]
[EventRounds "7"]
[EventType "team-swiss"]
[EventDate "2016.12.26"]

1. e4 {[%clk 1:30:58]} e5 {[%clk 1:30:53]} 2. Nf3 {[%clk 1:31:24]} Nc6 {[%clk
1:31:14]} 3. Bb5 {[%clk 1:31:47]} a6 {[%clk 1:31:33]} 4. Ba4 {[%clk 1:32:12]}
Nf6 {[%clk 1:31:55]} 5. O-O {[%clk 1:32:23]} b5 {[%clk 1:32:02]} 6. Bb3 {[%clk
1:32:43]} Be7 {[%clk 1:32:13]} 7. Re1 {[%clk 1:32:37]} O-O {[%clk 1:32:21]} 8.
c3 {[%clk 1:32:52]} d6 {[%clk 1:31:59]} 9. h3 {[%clk 1:32:44]} Na5 {[%clk
1:29:56]} 10. Bc2 {[%clk 1:33:03]} c5 {[%clk 1:29:09]} 11. d4 {[%clk 1:32:02]}
Qc7 {[%clk 1:27:42]} 12. Nbd2 {[%clk 1:31:08]} Bd7 {[%clk 1:20:31]} 13. d5
{[%clk 1:29:42]} h6 {[%clk 1:17:27]} 14. a4 {[%clk 1:29:06]} c4 {[%clk
1:15:30]} 15. Nf1 {[%clk 1:27:47]} Nh7 {[%clk 1:05:48]} 16. Ng3 {[%clk
1:24:09]} Bg5 {[%clk 1:03:57]} 17. Nxg5 {[%clk 1:22:05]} hxg5 {[%clk 0:59:50]}
18. axb5 {[%clk 1:09:10]} axb5 {[%clk 0:58:20]} 19. Be3 {[%clk 1:08:48]} Nb7
{[%clk 0:54:32]} 20. Qd2 {[%clk 1:07:58]} f6 {[%clk 0:51:09]} 21. b4 {[%clk
1:02:18]} cxb3 {[%clk 0:48:45]} 22. Bxb3 {[%clk 1:02:39]} Na5 {[%clk 0:47:43]}
23. Qb2 {[%clk 0:58:34]} Rfc8 {[%clk 0:45:11]} 24. Bd2 {[%clk 0:54:58]} Nf8
{[%clk 0:43:43]} 25. Ne2 {[%clk 0:49:15]} Be8 {[%clk 0:42:16]} 26. Ba2 {[%clk
0:47:03]} Rcb8 {[%clk 0:38:59]} 27. g3 {[%clk 0:38:43]} Nd7 {[%clk 0:34:38]}
28. f4 {[%clk 0:33:16]} gxf4 {[%clk 0:32:31]} 29. gxf4 {[%clk 0:33:41]} Nb6
{[%clk 0:29:19]} 30. fxe5 {[%clk 0:33:06]} Nbc4 {[%clk 0:27:27]} 31. Qc2 {[%clk
0:31:02]} Nxd2 {[%clk 0:23:27]} 32. Qxd2 {[%clk 0:31:15]} fxe5 {[%clk 0:23:24]}
33. Kh2 {[%clk 0:30:35]} Ra7 {[%clk 0:17:29]} 34. Qg5 {[%clk 0:24:43]} b4
{[%clk 0:15:11]} 35. cxb4 {[%clk 0:22:18]} Rxb4 {[%clk 0:14:32]} 36. Rac1
{[%clk 0:22:37]} Qb8 {[%clk 0:12:37]} 37. Qf5 {[%clk 0:22:07]} Bd7 {[%clk
0:11:52]} 38. Qg6 {[%clk 0:21:45]} Rb2 {[%clk 0:10:41]} 39. Bb1 {[%clk
0:19:47]} Be8 {[%clk 0:06:19]} 40. Qe6+ {[%clk 0:18:46]} Kh7 {[%clk 0:05:28]}
41. Rc8 {[%clk 0:12:20]} Qb5 {[%clk 0:01:33]} 42. Bc2 {[%clk 0:02:47]} Qd7
{[%clk 0:22:42]} 43. Rxe8 {[%clk 0:22:11]} 1/2-1/2

[Event "DVM U20w 2016"]
[Site "Borken-Gemen GER"]
[Date "2016.12.30"]
[Round "7"]
[White "Mangei, Jasmin"]
[Black "Köhler, Inken"]
[Result "0-1"]
[Termination "normal"]
[Board "1.3"]
[WhiteElo "1911"]
[BlackElo "1944"]
[WhiteClock "00:22:56"]
[BlackClock "00:31:08"]
[WhiteTeam "Karlsruher SF"]
[BlackTeam "TuRa Harksheide Norderstedt"]
[PlyCount "86"]
[WhiteFideId "12951803"]
[BlackFideId "12929301"]
[EventCountry "GER"]
[EventRounds "7"]
[EventType "team-swiss"]
[EventDate "2016.12.26"]

1. e4 {[%clk 1:30:58]} c5 {[%clk 1:30:52]} 2. Nf3 {[%clk 1:31:23]} Nc6 {[%clk
1:31:15]} 3. Bb5 {[%clk 1:31:18]} g6 {[%clk 1:31:33]} 4. Bxc6 {[%clk 1:31:29]}
dxc6 {[%clk 1:31:55]} 5. O-O {[%clk 1:31:20]} Bg7 {[%clk 1:32:01]} 6. d3 {[%clk
1:29:36]} b6 {[%clk 1:31:42]} 7. Nbd2 {[%clk 1:27:52]} Nh6 {[%clk 1:29:15]} 8.
Re1 {[%clk 1:22:18]} e5 {[%clk 1:25:51]} 9. h3 {[%clk 1:18:34]} f6 {[%clk
1:25:00]} 10. Nf1 {[%clk 1:14:58]} Nf7 {[%clk 1:23:53]} 11. Ng3 {[%clk
1:11:51]} Be6 {[%clk 1:16:26]} 12. Nh2 {[%clk 1:07:31]} Qd7 {[%clk 1:12:38]}
13. f4 {[%clk 1:00:29]} O-O-O {[%clk 1:09:25]} 14. Nf3 {[%clk 0:50:43]} exf4
{[%clk 1:05:32]} 15. Bxf4 {[%clk 0:49:35]} h5 {[%clk 1:04:36]} 16. Be3 {[%clk
0:42:57]} h4 {[%clk 1:03:21]} 17. Nf1 {[%clk 0:40:42]} g5 {[%clk 1:01:30]} 18.
N1h2 {[%clk 0:37:07]} Rdg8 {[%clk 0:52:01]} 19. d4 {[%clk 0:33:38]} f5 {[%clk
0:39:58]} 20. dxc5 {[%clk 0:25:41]} fxe4 {[%clk 0:39:33]} 21. Nd4 {[%clk
0:22:38]} bxc5 {[%clk 0:34:17]} 22. Nxe6 {[%clk 0:22:03]} Qxe6 {[%clk 0:34:41]}
23. Qe2 {[%clk 0:19:35]} c4 {[%clk 0:17:48]} 24. Rab1 {[%clk 0:15:09]} a6
{[%clk 0:14:53]} 25. b3 {[%clk 0:13:24]} Bc3 {[%clk 0:08:22]} 26. Red1 {[%clk
0:12:40]} Nd6 {[%clk 0:08:23]} 27. Rxd6 {[%clk 0:05:52]} Qxd6 {[%clk 0:08:18]}
28. Qxc4 {[%clk 0:06:14]} Be5 {[%clk 0:07:13]} 29. Qxa6+ {[%clk 0:06:25]} Kd7
{[%clk 0:06:44]} 30. Ng4 {[%clk 0:05:29]} Bg3 {[%clk 0:04:24]} 31. Rf1 {[%clk
0:03:56]} Bf4 {[%clk 0:02:43]} 32. Qc4 {[%clk 0:02:49]} Rf8 {[%clk 0:02:19]}
33. Qxe4 {[%clk 0:02:17]} Bxe3+ {[%clk 0:02:10]} 34. Nxe3 {[%clk 0:02:46]}
Rxf1+ {[%clk 0:02:16]} 35. Nxf1 {[%clk 0:03:14]} Qc5+ {[%clk 0:02:27]} 36. Kh1
{[%clk 0:02:26]} Rf8 {[%clk 0:02:36]} 37. Qd3+ {[%clk 0:02:21]} Kc7 {[%clk
0:02:40]} 38. Ne3 {[%clk 0:02:11]} Re8 {[%clk 0:02:01]} 39. Nf1 {[%clk
0:01:23]} Qf2 {[%clk 0:01:47]} 40. Kh2 {[%clk 0:00:39]} Re1 {[%clk 0:01:29]}
41. Qd2 {[%clk 0:25:06]} Rxf1 {[%clk 0:30:28]} 42. Qa5+ {[%clk 0:23:49]} Kd7
{[%clk 0:30:45]} 43. Qxg5 {[%clk 0:22:56]} Qg1# {[%clk 0:31:08]} 0-1